00569nam a2200169 i 4500001000700000003000900007005001700016007000300033008004100036100001800077245009300095260003400188300001100222490007100233830007100304852002400375150808ES-MaACL20230906203716.0t|071113s1909 gw ||||1| ger d1 aBraun, Franz.14aDie Entwicklung der spanischen Provinzialgrenzen in ròˆmischer Zeit /cvon Franz Braun. aBerlin : bWeidmann, c[1909] a138 p.1 aQuellen und Forschungen zur alten Geschichte und Geographie ; v170 aQuellen und Forschungen zur alten Geschichte und Geographie ; v17 aES-MaACLj1618-F-14